Rivalité dans le foot - Statistiques

Statistiques générales
  • Ce quiz a été pris 201 fois
  • Le résultat moyen est 8 sur 16
Statistiques - réponses
Nom du derby Equipe 1 Equipe 2 % Correct
Rhône-Alpes Derby Olympique Lyonnais AS Saint-Étienne
90%
Derby della Capitale AS Rome Lazio
90%
Glasgow Derby Rangers Celtic
82%
Superclásico Boca Juniors River Plate
75%
Derby de Turin Juventus Torino
74%
Derby de la Mersey Everton Liverpool
70%
Derby des Costières Montpellier Nimes
53%
Derby de la Côte Basque Athletic Bilbao Real Sociedad
48%
Revierderby Borussia Dortmund Schalke 04
48%
Derby della Lanterna Genoa Sampdoria
43%
Derby de Birmingham Birmingham City Aston Villa
37%
Clássico dos Clássicos Flamengo Fluminense
34%
Eternal Derby Partizan Belgrade Red Star Belgrade
30%
Derby de Valence Valence Levante
20%
Tyne-Wear Derby Newcastle United Sunderland
18%
The M23 Derby Brighton Crystal Palace
11%
Aucun quiz correspondant
Distribution des résultats
% des personnes avec chaque résultat
Percentile par nombre de réponses
Votre historique - résultats
Vous n’avez pas pris ce quiz